[Event "Leca da Palmeira 2nd"]
[Site "Leca da Palmeira"]
[Date "2023.08.02"]
[Round "4"]
[White "Stefansson, Vignir Vatnar"]
[Black "Kushal, O."]
[Result "1/2-1/2"]
[WhiteElo "2487"]
[BlackElo "2294"]
[PlyCount "96"]
[EventDate "2023.07.31"]
[EventType "swiss"]
[EventRounds "9"]
[EventCountry "POR"]
[SourceTitle "CBM 215 Extra"]
[Source "ChessBase"]
[SourceDate "2023.09.30"]
[SourceVersion "1"]
[SourceVersionDate "2023.09.30"]
[SourceQuality "1"]

1. e4 c5 2. Nf3 d6 3. Bb5+ Nd7 4. 0-0 a6 5. Bxd7+ Bxd7 6. b3 Nf6 7. Re1 Bc6 8. e5 dxe5 9. Nxe5 Rc8 10. Bb2 e6 11. d3 Be7 12. a4 b6 13. Nxc6 Rxc6 14. Qf3 Qc8 15. Nd2 0-0 16. Qg3 Nh5 17. Qf3 Nf6 18. Nc4 Nd7 19. d4 cxd4 20. Bxd4 Bf6 21. Rad1 b5 22. axb5 axb5 23. Ne3 Bxd4 24. Rxd4 Nf6 25. Rf4 Nd5 26. Nxd5 exd5 27. Qxd5 Rxc2 28. Qxb5 Rc1 29. Rfe4 Qc3 30. Kf1 g6 31. Rxc1 Qxc1+ 32. Re1 Qd2 33. g3 h5 34. Re8 h4 35. Rxf8+ Kxf8 36. Qb8+ Kg7 37. Qe5+ Kg8 38. Qe3 Qd1+ 39. Kg2 Qd5+ 40. Kh3 hxg3 41. fxg3 Qh5+ 42. Kg2 Qd5+ 43. Kf2 Qf5+ 44. Kg1 Qb1+ 45. Kg2 Qb2+ 46. Kf3 Qf6+ 47. Ke4 Qe6+ 48. Kd4 Qb6+ 1/2-1/2

[Event "Leca da Palmeira 2nd"]
[Site "Leca da Palmeira"]
[Date "2023.08.01"]
[Round "3"]
[White "Kushal, O."]
[Black "Sousa, Andre Ventura"]
[Result "1-0"]
[WhiteElo "2294"]
[BlackElo "2455"]
[PlyCount "171"]
[EventDate "2023.07.31"]
[EventType "swiss"]
[EventRounds "9"]
[EventCountry "POR"]
[SourceTitle "CBM 215 Extra"]
[Source "ChessBase"]
[SourceDate "2023.09.30"]
[SourceVersion "1"]
[SourceVersionDate "2023.09.30"]
[SourceQuality "1"]

1. e4 e5 2. Nf3 Nc6 3. Bb5 a6 4. Ba4 d6 5. c4 Bg4 6. 0-0 g6 7. d4 Bxf3 8. Qxf3 b5 9. cxb5 Nxd4 10. bxa6+ c6 11. Qd1 Bg7 12. Nc3 Ne7 13. b4 0-0 14. Rb1 Qc8 15. Bb3 Qxa6 16. a4 Kh8 17. b5 cxb5 18. axb5 Qb7 19. Be3 f5 20. f3 Ra5 21. Qd3 Ra3 22. Qd1 Nxb5 23. Nxb5 Qxb5 24. Bg5 Qc5+ 25. Kh1 Bf6 26. Bc1 Raa8 27. Re1 f4 28. Re2 Rfd8 29. Rc2 Qa7 30. Bd2 Bh4 31. Qe2 Qa6 32. Bc4 Qc8 33. Qd3 Qd7 34. Bxf4 Kg7 35. Be3 Rab8 36. Rxb8 Rxb8 37. Rc1 Rb2 38. Rd1 Qa4 39. Be6 Qc2 40. Qxc2 Rxc2 41. Rxd6 Bf2 42. Bxf2 Rxf2 43. h4 h6 44. Bh3 Rc2 45. Rd7 Kf7 46. Rd6 Rc6 47. Rd8 Rc7 48. Kh2 Rc6 49. Kg3 Rf6 50. Rb8 Nc6 51. Rb7+ Ne7 52. Rb5 Nc6 53. Bd7 Nd4 54. Rxe5 Rd6 55. Bb5 Kf6 56. Rc5 Rb6 57. Bc4 Rb4 58. e5+ Kf5 59. Bd3+ Ke6 60. Bxg6 Ne2+ 61. Kf2 Nf4 62. Bh7 Rb2+ 63. Rc2 Rxc2+ 64. Bxc2 Kxe5 65. Be4 Kf6 66. g3 Ne6 67. Ke3 Nc5 68. g4 Nd7 69. f4 Nf8 70. g5+ hxg5 71. hxg5+ Ke6 72. Kf3 Nd7 73. Kg4 Nc5 74. Bf5+ Kf7 75. Bc2 Nd7 76. f5 Kg7 77. Kf4 Kf7 78. Bb3+ Kg7 79. Bd5 Kh8 80. f6 Nf8 81. Bf7 Kh7 82. Kf5 Kh8 83. Be8 Kh7 84. g6+ Kh6 85. g7 Ng6 86. g8N+ 1-0

[Event "Monteolivete op 3rd"]
[Site "Alboraia"]
[Date "2023.07.20"]
[Round "5"]
[White "Kushal, O."]
[Black "Fantinel, Thibault"]
[Result "1/2-1/2"]
[WhiteElo "2294"]
[BlackElo "2418"]
[PlyCount "47"]
[EventDate "2023.07.17"]
[EventType "swiss"]
[EventRounds "9"]
[EventCountry "ESP"]
[SourceTitle "CBM 215 Extra"]
[Source "ChessBase"]
[SourceDate "2023.09.30"]
[SourceVersion "1"]
[SourceVersionDate "2023.09.30"]
[SourceQuality "1"]

1. e4 c5 2. Nf3 e6 3. d4 cxd4 4. Nxd4 Nf6 5. Nc3 Nc6 6. a3 Be7 7. Nxc6 bxc6 8. e5 Nd5 9. Qg4 g6 10. Qg3 d6 11. h4 dxe5 12. h5 g5 13. Qxe5 Bf6 14. Qg3 Nxc3 15. bxc3 Qa5 16. Bd2 Qe5+ 17. Qxe5 Bxe5 18. Bd3 f5 19. 0-0 Bf6 20. Rab1 Kf7 21. f3 Rd8 22. g4 h6 23. Rfd1 Be5 24. Be3 1/2-1/2

[Event "Lorca Christmas op"]
[Site "Lorca"]
[Date "2022.12.30"]
[Round "8"]
[White "Kushal, O."]
[Black "Nigmatov, Ortik"]
[Result "0-1"]
[WhiteElo "1801"]
[BlackElo "2433"]
[PlyCount "42"]
[EventDate "2022.12.26"]
[EventType "swiss"]
[EventRounds "9"]
[EventCountry "ESP"]
[SourceTitle "CBM 211 Extra"]
[Source "ChessBase"]
[SourceDate "2023.01.31"]
[SourceVersion "1"]
[SourceVersionDate "2023.01.31"]
[SourceQuality "1"]

1. e4 c5 2. Nf3 d6 3. d4 cxd4 4. Nxd4 Nf6 5. Nc3 a6 6. Bg5 e6 7. f4 Nbd7 8. Qe2 Qc7 9. 0-0-0 b5 10. a3 Be7 11. g4 Rb8 12. Bg2 h6 13. Bxf6 Bxf6 14. Rhe1 0-0 15. e5 dxe5 16. Nc6 Rb6 17. Nxe5 Nxe5 18. fxe5 Bh4 19. Rg1 b4 20. axb4 Rxb4 21. Rd3 Qb6 0-1

[Event "Sitges Sunway op 9th"]
[Site "Sitges"]
[Date "2022.12.20"]
[Round "8"]
[White "Kushal, O."]
[Black "Priyanka, Nutakki"]
[Result "0-1"]
[WhiteElo "1801"]
[BlackElo "2316"]
[PlyCount "104"]
[EventDate "2022.12.12"]
[EventType "swiss"]
[EventRounds "10"]
[EventCountry "ESP"]
[SourceTitle "CBM 211 Extra"]
[Source "ChessBase"]
[SourceDate "2023.01.31"]
[SourceVersion "1"]
[SourceVersionDate "2023.01.31"]
[SourceQuality "1"]

1. e4 d5 2. exd5 Qxd5 3. Nc3 Qa5 4. d4 e5 5. dxe5 Nc6 6. Nf3 Bg4 7. Bb5 Bb4 8. 0-0 Bxc3 9. Bxc6+ bxc6 10. bxc3 Ne7 11. h3 Rd8 12. Qe2 Qxc3 13. Be3 Be6 14. Rfd1 0-0 15. Bxa7 Nf5 16. Rxd8 Rxd8 17. Rd1 Re8 18. Qd3 Qa5 19. Be3 Nxe3 20. Qxe3 Qxa2 21. Nd4 Bd5 22. Rd3 Qb1+ 23. Kh2 Qf1 24. Nf3 f6 25. c4 Rxe5 26. Qd4 Re4 27. Qc3 Rxc4 28. Qd2 Qc1 29. Qxc1 Rxc1 30. Kg3 Kf7 31. Nd4 g6 32. Ne2 Rb1 33. Nf4 Rb3 34. Rxb3 Bxb3 35. Kf3 Bd5+ 36. Kg3 Ke7 37. f3 Bc4 38. Kf2 g5 39. Nh5 f5 40. f4 h6 41. Ng7 Be6 42. Ke3 c5 43. Nh5 Kd6 44. Ng3 c4 45. Ne2 Kc5 46. g3 Kb4 47. fxg5 hxg5 48. Kd2 c5 49. h4 f4 50. hxg5 f3 51. Nf4 c3+ 52. Ke3 Bc4 0-1